|
|
|
|
| LEADER |
00000cam a2200000 a 4500 |
| 001 |
vtls009493835 |
| 003 |
SK-MaSNL |
| 005 |
20260301171243.0 |
| 008 |
251029s2009 xo f 000 0 slo |
| 015 |
|
|
|a SNBA2009/08-04219
|
| 020 |
|
|
|a 9788081010620
|q (viaz.)
|
| 035 |
|
|
|a 5D6EBE57-E3C8-41F3-8064-BA6B5CC82352
|
| 035 |
|
|
|a urn:nbn:sk:snk-amjf60
|
| 035 |
|
|
|a urn:nbn:sk:snk-am002bd4
|
| 040 |
|
|
|a SNK
|b slo
|c SNK
|e AACR2
|
| 041 |
1 |
|
|a slo
|h ger
|
| 044 |
|
|
|a xo
|c SK
|
| 072 |
|
7 |
|a 34
|x Právo
|2 konspekt
|
| 080 |
|
|
|a 34
|2 2001
|
| 080 |
|
|
|a 340.12
|2 2001
|
| 080 |
|
|
|a 165.731
|2 2001
|
| 080 |
|
|
|a 340.132
|2 2001
|
| 080 |
|
|
|a 34.03
|2 2001
|
| 080 |
|
|
|a (0.064)
|2 2001
|
| 100 |
1 |
|
|a Alexy, Robert,
|d 1945-
|4 aut
|9 121294
|
| 240 |
1 |
0 |
|a Begriff und Geltung des Rechts
|l Slovensky
|
| 245 |
1 |
0 |
|a Pojem a platnosť práva
|c Robert Alexy ; [preložil a predslov napísal Pavel Holländer ; odborný konzultant: Alexander Bröstl]
|
| 250 |
|
|
|a 1. vyd.
|
| 260 |
|
|
|a Bratislava
|b Kalligram
|c 2009
|
| 300 |
|
|
|a 171 s.
|c 19 cm
|
| 490 |
1 |
|
|a Exempla iuris
|v 3
|
| 504 |
|
|
|a Bibliogr. s. 167-171
|
| 650 |
0 |
7 |
|a právo
|2 SNKPH
|9 976
|
| 650 |
0 |
7 |
|a teória práva
|2 SNKPH
|9 2685
|
| 650 |
0 |
7 |
|a pozitivizmus
|2 SNKPH
|9 21282
|
| 650 |
0 |
7 |
|a interpretácia práva
|2 SNKPH
|9 4428
|
| 650 |
0 |
7 |
|a účinnosť a platnosť práva
|2 SNKPH
|9 50006
|
| 650 |
0 |
7 |
|a Law
|2 SNKPHeng
|9 265417
|
| 650 |
0 |
7 |
|a Theory of law
|2 SNKPHeng
|9 266463
|
| 650 |
0 |
7 |
|a Positivism
|2 SNKPHeng
|9 319013
|
| 650 |
0 |
7 |
|a Interpretation of law
|2 SNKPHeng
|9 333229
|
| 650 |
0 |
7 |
|a Effectiveness and validity of law
|2 SNKPHeng
|9 365177
|
| 650 |
0 |
7 |
|a právna filozofia
|2 SNKPH
|9 2683
|
| 655 |
|
7 |
|a výklady
|2 SNKPH
|9 29178
|
| 655 |
|
7 |
|a Explanations
|2 SNKPHeng
|9 314264
|
| 700 |
1 |
|
|a Holländer, Pavel,
|d 1953-
|4 trl
|9 100483
|
| 700 |
1 |
|
|a Bröstl, Alexander,
|d 1953-
|4 oth
|9 85115
|
| 830 |
|
0 |
|a Exempla iuris
|9 344307
|
| 919 |
|
|
|a 978-80-8101-062-0
|
| 958 |
|
|
|a NB
|
| 968 |
|
|
|b DT
|d 34
|
| 999 |
|
|
|c 830239
|d 832169
|
| 952 |
|
|
|a SNK
|b SNK
|y PREZ
|7 0
|p 17A0625688
|o snkSD 78393
|i snk2009/13575
|8 0
|0 0
|1 0
|4 0
|d 2009-07-27
|l 0
|r 2025-11-26 00:00:00
|w 2026-02-24
|
| 952 |
|
|
|a SNK
|b SNK
|y VYP
|7 0
|p 17A0625683
|o snkSD 78393 D1
|i snk2009/13576
|8 0
|0 0
|1 0
|4 0
|d 2009-07-27
|l 0
|r 2026-02-24 03:35:40
|w 2026-02-24
|